Classifica Serie B 2022-2023 - Statistics

Statistiche generali
  • Questo quiz è stato fatto 76 volte
  • Il punteggio medio è 15 su 20
Statistiche sulle risposte
Squadra Punti Vinte Pareggiate Perse Gol fatti Gol subiti % Corretto
Cagliari 60 15 15 8 50 34
92%
Genoa 73 21 11 6 53 28
92%
Frosinone 80 24 8 6 63 26
90%
Bari 65 17 14 7 58 37
87%
Parma 60 17 10 11 48 39
83%
Palermo 49 11 16 11 48 49
82%
Como 47 10 17 11 47 48
80%
Venezia 49 13 10 15 51 50
78%
Benevento 35 7 14 17 33 49
75%
Brescia 40 9 13 16 36 57
75%
Pisa 47 11 14 13 48 42
75%
Ternana 43 11 10 17 37 52
75%
Südtirol 58 14 16 8 38 34
73%
Modena 48 13 9 16 47 53
72%
Cosenza 40 9 13 16 30 53
70%
Perugia 39 10 9 19 40 52
67%
Ascoli 47 12 11 15 40 47
65%
SPAL 38 8 14 16 41 51
63%
Cittadella 43 9 16 13 34 45
62%
Reggina 50 17 4 17 49 45
62%
Nessun quiz corrispondente trovato
Distribuzione punteggi
Percentuale di utenti per punteggio
Percentile per numero di risposta
I tuoi punteggi nel tempo
Non hai fatto questo quiz